000 01229cam a2200301 4500
008 000000n1992 000 0 eng u
020 _a0419178406
035 _a(Sirsi) u110825
050 _a306.1091
100 _aAllen, W.A.
_xEditor
245 2 _aA global stratergy for housing in the third millennium
260 _aLondon
_bE & F N Spon
_c1992
300 _axv, 199p. ; 24cm.
350 _a45.00
520 _aThis book represents the proceedings of the second in a series of discussion meetings convened at the Royal Society with the aim of reviewing the ways in which human needs and national expectations can be served by technological developments in the 21st century. It provides an account of the demands for housing in rich and poor countries, and shows how that demand may be satisfied by well co-ordinated social and technological policies.
650 _aINTERNATIONAL
650 _aHOUSING POLICIES
650 _aSOCIAL HOUSING
650 _aECONOMIC ISSUES
650 _aSOCIAL ISSUES
650 _aPOPULATION GROWTH
650 _aFORECASTS
690 _aHOUSING
700 _aCourtney, R.G.
_xEditor
700 _aHappold, E.
_xEditor
710 _aThe Royal Society
_92383
942 _n0
999 _c101135
_d101135